01018nam a2200253 a 450000100060000000300080000600500170001400800410003102000310007202000300010303500190013304000260015204100080017808200240018624501910021026000470040130000190044850000730046750400630054065000300060365100510063365100510068470000290073542147BD-RjUL20211209053511.0160609s1991 gw b 001 0 eng d a0813312299 (WestviewPress) a3593344653 (CampusVerlag) a(BD-RjUL)42265 aBD-RjULbengcBD-RjUL aeng a327.47073bMUT 199100aMutual perceptions of long-range goals :bcan the United States and the Soviet Union cooperate permanently? /cKlaus Gottstein, editor ; with contributions by Hannes Adomeit ... [et al.] aFrankfurt am Main :bCampus Verlag,cc1991 a404 p ;c22 cm a"A Publication of Research Unit Gottstein in the Max Planck Society" aIncludes bibliographical references (p. 372-393) and index 0aWorld politicsy1985-1995 0aSoviet UnionxForeign relationszUnited States 0aUnited StatesxForeign relationszSoviet Union1 aGottstein, Klaus,d1924-